Propuesta para el desarrollo y aplicación de instrumentos informáticos que auxilien los procesos de autoevaluación de los programas académicos en la región centroamericana

Este trabajo está relacionado a crear un software que sirva como herramienta de desarrollo y al mismo tiempo como guía de referencia durante el proceso de evaluación y auto evolución de dichos planes de estudio.

Bibliographic Details
Main Author: Portillo Salazar, Tayron Alí
Other Authors: Tutor: Quintana Bonilla, Marisela
Format: Tesis Section = Libro
Language:Undetermined
Spanish
Published: Managua UNI 2002
Subjects:
LEADER 01107nam a2200229Ia 4500
008 240830s9999 xx 000 0 und d
040 |a BIBLIOTECA-RUSB/ Mon 005.756 P852 
041 |a spa 
082 |a Mon 005.756 P852 
100 1 |a Portillo Salazar, Tayron Alí 
245 1 0 |a Propuesta para el desarrollo y aplicación de instrumentos informáticos que auxilien los procesos de autoevaluación de los programas académicos en la región centroamericana 
260 |a Managua  |b UNI  |c 2002 
300 |a 155 p. :il. 
502 |a Tesis (Ingeniero en Computación) - UNI, 2002. 
520 3 |a Este trabajo está relacionado a crear un software que sirva como herramienta de desarrollo y al mismo tiempo como guía de referencia durante el proceso de evaluación y auto evolución de dichos planes de estudio. 
650 7 |a BASES DE DATOS RELACIONALES 
650 7 |b  INSTRUMENTOS INFORMÁTICOS - PROGRAMAS ACADÉMICOS 
650 7 |c  PROCESO DE AUTOEVALUACIÓN - PLANES DE ESTUDIO - CENTRO AMÉRICA 
700 1 |a Tutor:  |b Quintana Bonilla, Marisela 
942 |c BK  |2 ddc 
991 |a TESIS 
999 |c 19841